| 000 | 00787cab a2200229 4500 | ||
|---|---|---|---|
| 001 | WB3503-23 | ||
| 008 | 090401t1999 xxu||||| |||| 00| 0 eng d | ||
| 035 | _a(Sirsi) u90770 | ||
| 041 | _aeng | ||
| 245 | _aBest value watchdog | ||
| 260 | _c1999 | ||
| 350 | _a0 | ||
| 490 |
_aMunicipal Journal _v15 January 1999, 7(1) |
||
| 520 | _aThe Audit Commission has launched a consultation exercise for local authorities to give their views on the commission`s `tough but fair` inspection process to monitor the introduction of best value. | ||
| 650 | _aAUDIT COMMISSION | ||
| 650 | _aBEST VALUE | ||
| 650 | _aLOCAL AUTHORITIES | ||
| 650 | _aLOCAL GOVERNMENT (BEST VALUE AND CAPPING) BILL | ||
| 690 | _aPROPERTY-PROPERTY FINANCE AND INVESTMENT | ||
| 942 | _n0 | ||
| 948 | _c19/01/1999 | ||
| 999 |
_c57564 _d57564 |
||